Offshore poisťovne

Salvato in:
Dettagli Bibliografici
Autore principale: Chmelová, Petra
Altri autori: Pinda, Ľudovít, 1958-
Natura: Capitolo di libro
Lingua:slovacco
Soggetti:
Tags: Aggiungi Tag
Nessun Tag, puoi essere il primo ad aggiungerne!!

MARC

LEADER 00000naa$a2200000$$$4500
001 0078970
005 20240502071914.5
041 0 |a slo 
044 |a SK 
245 1 0 |a Offshore poisťovne  |c Petra Chmelová, Ľudovít Pinda 
500 |a Abstrakt 
610 2 0 |a poistenie 
610 2 0 |a spoločnosti materské 
610 2 0 |a spoločnosti dcérske 
610 2 0 |a poisťovne 
610 2 0 |a offshoring 
610 2 0 |a riziko poistné 
100 1 |a Chmelová, Petra 
700 1 |a Pinda, Ľudovít, 1958-